000 00783cam a22001815a 4500
001 L140723
008 071008s1906 th eng u
035 _a(Sirsi) u140723
041 0 _atha, eng
245 0 1 _a[Auction particulars for a sale held in Bangkok on 2 October 1906]
260 _c1906
300 _a1 sheet
_c36 x 15 cm. +
_e3 sheets (25 x 20 cm.)
351 _cSingle item
500 _aPrinted sale particulars accompanied by a letter from the donor, A. Edwardes, of the Royal Survey Department dated 3 October 1906. The letter gives some background as to the procedures encountered at auctions in Thailand (named Siam at the time).
651 4 _aThailand
690 _aPROPERTY-PROPERTY ACQUISITION AND DISPOSAL-ACQUISITION AND DISPOSAL AT AUCTION
942 _n0
999 _c116446
_d116446